El islam : desde los orígenes hasta el comienzo del imperio otamano /
Guardado en:
| Autor Principal: | |
|---|---|
| Formato: | Libro |
| Publicado: |
Madrid :
Siglo Xxi,
1972
|
| Series: | Historia Universal Siglo Xxi; No. 14
|
| Materias: | |
| Etiquetas: |
Agregar Etiqueta
Sin Etiquetas, Sea el primero en etiquetar este registro!
|
| LEADER | 01401nam a22002055a 4500 | ||
|---|---|---|---|
| 001 | CEM.cems013010 | ||
| 005 | 20081021105922.0 | ||
| 008 | 130507s1972##################000#0#####d | ||
| 003 | CEMS | ||
| 082 | 0 | 4 | |a 953.02 |
| 100 | 1 | |a Cahen, Claude | |
| 245 | 1 | 0 | |a El islam : |b desde los orígenes hasta el comienzo del imperio otamano / |c Claude Cahen |
| 260 | |a Madrid : |b Siglo Xxi, |c 1972 | ||
| 300 | |a 355 p. | ||
| 490 | 0 | |a Historia Universal Siglo Xxi; No. 14 | |
| 505 | 0 | |a Los arabes antes del Islam -- Mahoma -- La fundación del Imperio Arabe-Islamico -- El imperio Omeya (660-750) -- La evolución espiritual de mediados del siglo VII: la revolución Abbasi -- El primer siglo Abbasi -- La elaboración de una nueva cultura -- Economía y sociedad en el mundo musulman clásico (hasta el siglo XI) -- El ejercito y las transformaciones políticas y sociales desde mediados del siglo IX a mediados del siglo X -- La evolución de los movimientos político-religiosos durante la segunda mitad del siglo IX y el siglo XX -- División política y apogeo cultural del mundo musulman medieval -- La cultura musulmana desde mediados del siglo IX a mediados del siglo XI -- Del siglo XI al XII: los nuevos imperios, la evolución social y cultural -- De los mongoles a los atomanos | |
| 653 | |a Historia | ||
| 653 | |a Islam | ||
| 653 | |a Islam-historia | ||
| 859 | |a CEMS |b BIB. CEMS - 11 de abril |h 953.02 |i C116 |p 25274.08 |t Ej.1 | ||
